000 00533nam a2200181Ia 4500
005 20250508163130.0
008 008 250505s9999 xx 000 0 eng d
037 _aBooks to be hide in OPAC
040 _aFEDL
_beng
_cFEDL
041 _aeng
_2eng
084 _aB, TAG/O
_qFEDL
100 _aNath Bhupendra
_9774802
245 0 _aRabindranath Tagore : His mystico-religious philosophy
260 _aNew Delhi, India
_bCrown Publications
_c1985
300 _a168p.
942 _cHB
_hB, TAG/O
999 _c1381035
_d1381035